[Event "Bornholm WIM 2013"]
[Site "Ronne"]
[Date "2013.07.02"]
[Round "1"]
[White "Guindy, Esmat"]
[Black "Demidowicz, Maria"]
[Result "1/2-1/2"]
[WhiteElo "2051"]
[BlackElo "2096"]
[PlyCount "145"]
[EventDate "2013.??.??"]

1. d4 Nf6 2. c4 g6 3. g3 Bg7 4. Nc3 O-O 5. Bg2 d6 6. Nf3 Nc6 7. O-O e5 8. d5
Ne7 9. e4 Ne8 10. Ne1 f5 11. Nd3 Nf6 12. f4 Nxe4 13. Nxe4 fxe4 14. Bxe4 Bh3 15.
Re1 Qd7 16. fxe5 dxe5 17. Nc5 Qd6 18. Be3 Nf5 19. Bxf5 Bxf5 20. Nxb7 Qa6 21.
Qb3 Rab8 22. Nc5 Rxb3 23. Nxa6 Rxb2 24. Bc5 Rf7 25. Nb4 Bf8 26. Bxf8 Kxf8 27.
a3 a5 28. Ra2 Rxa2 29. Nxa2 Bd3 30. c5 Bc4 31. Nc3 Rf3 32. Rc1 Ke7 33. d6+ Kd7
34. c6+ Kxd6 35. Ne4+ Kd5 36. Nd2 Be2 37. Nxf3 Bxf3 38. Kf2 e4 39. Ke3 g5 40.
h4 h6 41. hxg5 hxg5 42. a4 Bg2 43. Rb1 Kxc6 44. Rb5 g4 45. Rxa5 Bf3 46. Rg5 Kb6
47. Kd4 Ka6 48. Re5 Kb6 49. a5+ Ka6 50. Kc3 e3 51. Rxe3 Kxa5 52. Kc4 Kb6 53.
Re6+ c6 54. Rg6 Kc7 55. Kc5 Kd7 56. Kd4 Ke7 57. Ke5 Kf7 58. Rd6 Ke7 59. Rh6 Kf7
60. Rh7+ Kg6 61. Rd7 Bg2 62. Rd6+ Kf7 63. Kf5 Ke7 64. Rg6 Bf3 65. Rh6 Kd7 66.
Ke5 Kc7 67. Rh7+ Kb6 68. Kd6 Kb5 69. Rc7 Kc4 70. Ke5 Kc5 71. Rb7 Kc4 72. Kd6
Kd4 73. Rc7 1/2-1/2

[Event "Bornholm WIM 2013"]
[Site "Ronne"]
[Date "2013.07.02"]
[Round "1"]
[White "Krasenkova, Ilena"]
[Black "Gasik, Anna"]
[Result "1/2-1/2"]
[WhiteElo "2115"]
[BlackElo "2204"]
[PlyCount "123"]
[EventDate "2013.??.??"]

1. d4 f5 2. c4 Nf6 3. Nc3 g6 4. Qc2 Bg7 5. Nf3 d6 6. g3 Nc6 7. Bg2 O-O 8. O-O
e5 9. dxe5 Nxe5 10. Nxe5 dxe5 11. Rd1 Qe7 12. Bg5 c6 13. a3 Be6 14. Na4 h6 15.
Be3 Qf7 16. b3 f4 17. Bc5 Rfe8 18. e4 g5 19. Nb2 Qh5 20. f3 g4 21. Rf1 b6 22.
Bd6 Rad8 23. Rad1 gxf3 24. Bxf3 Bg4 25. Qe2 Bxf3 26. Rxf3 Qg6 27. c5 Qxe4 28.
Re1 Qxe2 29. Rxe2 Nd5 30. Re4 bxc5 31. Bxc5 Nf6 32. Re2 fxg3 33. hxg3 e4 34.
Rf4 a6 35. Nc4 Rd3 36. Kg2 Rxb3 37. Nd6 Rd8 38. Nxe4 Nxe4 39. Rfxe4 Rdd3 40.
Rg4 h5 41. Re8+ Kh7 42. Rg5 Kh6 43. Rf5 Rxg3+ 44. Kf2 h4 45. Re6+ Rg6 46. Re4
Rf6 47. Rxh4+ Kg6 48. Rxf6+ Bxf6 49. Ra4 Rb5 50. Be3 a5 51. Rc4 Rb2+ 52. Kf3
Rb3 53. Ke4 Rc3 54. Rxc3 Bxc3 55. Kd3 Be5 56. Kc4 Bd6 57. a4 Bb4 58. Bc5 Be1
59. Bd4 Bb4 60. Bc5 Be1 61. Bd4 Bb4 62. Bc5 1/2-1/2

[Event "Bornholm WIM 2013"]
[Site "Ronne"]
[Date "2013.07.02"]
[Round "1"]
[White "Padurariu, Ioana Smaranda"]
[Black "De Blecourt Dalsberg, Sandra"]
[Result "1-0"]
[WhiteElo "2208"]
[BlackElo "2078"]
[PlyCount "63"]
[EventDate "2013.??.??"]

1. e4 d5 2. exd5 Qxd5 3. Nc3 Qa5 4. d4 Nf6 5. Nf3 c6 6. Bc4 Bf5 7. Bd2 Qb6 8.
Bb3 e6 9. Qe2 Nbd7 10. O-O-O O-O-O 11. Bf4 Bb4 12. Na4 Qb5 13. c4 Qa6 14. a3
Be7 15. Rhe1 Ne4 16. Bc2 g5 17. Be5 g4 18. Bxh8 gxf3 19. gxf3 Bg5+ 20. Kb1 Nd2+
21. Rxd2 Bxd2 22. Qxd2 Qxa4 23. Bxf5 Rxh8 24. Bd3 Nb6 25. Qc3 Rd8 26. Ka2 c5
27. dxc5 Nd7 28. b4 a5 29. b5 Nxc5 30. Bc2 Rd2 31. Qxd2 Qxc4+ 32. Ka1 1-0

[Event "Bornholm WIM 2013"]
[Site "Ronne"]
[Date "2013.07.02"]
[Round "1"]
[White "Wisniowska, Klaudia"]
[Black "Toth, Lili"]
[Result "1-0"]
[WhiteElo "2178"]
[BlackElo "2161"]
[PlyCount "49"]
[EventDate "2013.??.??"]

1. e4 e6 2. d4 d5 3. Nc3 dxe4 4. Nxe4 Nd7 5. Nf3 Ngf6 6. Bd3 Nxe4 7. Bxe4 Nf6
8. Bg5 Be7 9. Bd3 Nd5 10. Bxe7 Qxe7 11. Qd2 Bd7 12. O-O O-O-O 13. c4 Nf6 14.
Rfe1 Be8 15. Rad1 Qd6 16. b4 Ba4 17. c5 Qd5 18. Rb1 c6 19. b5 cxb5 20. Bxb5
Bxb5 21. Rxb5 a6 22. Rb6 Ne4 23. Qb2 f5 24. c6 bxc6 25. Ne5 1-0

[Event "Bornholm WIM 2013"]
[Site "Ronne"]
[Date "2013.07.02"]
[Round "1"]
[White "Vovk, Oksana"]
[Black "Bhatia, Kanwal K"]
[Result "1/2-1/2"]
[WhiteElo "2133"]
[BlackElo "2034"]
[PlyCount "131"]
[EventDate "2013.??.??"]

1. d4 Nf6 2. c4 c5 3. d5 b5 4. Qc2 d6 5. e4 g6 6. cxb5 a6 7. Nc3 Bg7 8. Nf3 O-O
9. bxa6 Qa5 10. Bd2 Nxa6 11. a3 Bg4 12. Be2 Rfb8 13. O-O Nd7 14. Rfb1 Qc7 15.
h3 Bxf3 16. Bxf3 c4 17. b4 Bd4 18. Ra2 Ne5 19. Be2 Qb6 20. Be1 Rf8 21. Kf1 f5
22. f3 Rac8 23. Rd1 Be3 24. exf5 Rxf5 25. Ne4 Nb8 26. Bf2 Bxf2 27. Nxf2 Nbd7
28. Qc3 Qb7 29. Ng4 Nxg4 30. hxg4 Rf6 31. Rd4 Ne5 32. Bxc4 Qd7 33. Rc2 Qa7 34.
Qb2 Qd7 35. Be2 Rcf8 36. Ke1 Qa7 37. Qc3 Rf4 38. Rxf4 Qg1+ 39. Bf1 Rxf4 40. Re2
Rd4 41. Re3 Rc4 42. Qd2 Rc2 43. Qxc2 Qxe3+ 44. Be2 Qxa3 45. Qd2 Qa1+ 46. Kf2
Qa7+ 47. Qe3 Qa2 48. Qd4 Qa8 49. b5 Qb7 50. Kg3 Nd7 51. Qe4 Nc5 52. Qd4 Nd7 53.
Qa4 Nc5 54. Qa2 Kf7 55. Bc4 Kg8 56. Qa5 Kf7 57. b6 Qc8 58. Bb5 h5 59. gxh5 gxh5
60. Qa7 h4+ 61. Kf2 h3 62. g4 h2 63. Kg2 Qh8 64. Kh1 Qb2 65. Qa5 Qf2 66. Qa7
1/2-1/2

[Event "Bornholm WIM 2013"]
[Site "Ronne"]
[Date "2013.07.03"]
[Round "2"]
[White "Demidowicz, Maria"]
[Black "Bhatia, Kanwal K"]
[Result "1-0"]
[WhiteElo "2096"]
[BlackElo "2034"]
[PlyCount "85"]
[EventDate "2013.??.??"]

1. e4 e5 2. Nf3 Nc6 3. Bb5 a6 4. Ba4 Nf6 5. O-O Be7 6. Re1 b5 7. Bb3 d6 8. c3
O-O 9. h3 Nb8 10. d4 Nbd7 11. Nbd2 Bb7 12. Bc2 Re8 13. Nf1 Bf8 14. Ng3 g6 15.
Nh2 c5 16. d5 c4 17. Bg5 Be7 18. Be3 a5 19. Qd2 Nc5 20. Ng4 Nxg4 21. hxg4 Bc8
22. f3 Rb8 23. b3 Bh4 24. Kf2 Bxg4 25. Rh1 f5 26. Rxh4 Qxh4 27. Bg5 Qh2 28. Rh1
Qxh1 29. Nxh1 fxe4 30. fxg4 Nd3+ 31. Bxd3 Rf8+ 32. Ke3 exd3 33. Ng3 Rf7 34. Ne4
Rb6 35. Bd8 Ra6 36. g5 Rf1 37. Be7 a4 38. bxc4 bxc4 39. Bxd6 a3 40. Bb4 Ra8 41.
Nd6 Rf4 42. g3 Rg4 43. Kf3 1-0

[Event "Bornholm WIM 2013"]
[Site "Ronne"]
[Date "2013.07.03"]
[Round "2"]
[White "Toth, Lili"]
[Black "Vovk, Oksana"]
[Result "1-0"]
[WhiteElo "2161"]
[BlackElo "2133"]
[PlyCount "87"]
[EventDate "2013.??.??"]

1. d4 Nf6 2. Nf3 e6 3. g3 b6 4. Bg2 Bb7 5. c4 Bb4+ 6. Bd2 Bxd2+ 7. Qxd2 O-O 8.
Nc3 d6 9. Qc2 c5 10. e4 cxd4 11. Nxd4 a6 12. O-O Qc7 13. b3 Nbd7 14. Rac1 Rac8
15. Kh1 Rfd8 16. f4 Qb8 17. Qe2 Qa8 18. f5 e5 19. Nc2 b5 20. Nd5 bxc4 21. bxc4
Bxd5 22. exd5 a5 23. g4 h6 24. h4 Qa6 25. Ne3 Nh7 26. Be4 Ndf6 27. Bb1 Rc5 28.
g5 hxg5 29. hxg5 Nxd5 30. Nxd5 Rxd5 31. f6 Rd4 32. Qh5 Qb7+ 33. Kg1 Nf8 34.
fxg7 Kxg7 35. Rf2 Rf4 36. Rh2 Qb6+ 37. c5 Rg4+ 38. Qxg4 dxc5 39. Qh4 c4+ 40.
Kh1 Ng6 41. Bxg6 Qxg6 42. Qh6+ Qxh6 43. gxh6+ Kh7 44. Rxc4 1-0

[Event "Bornholm WIM 2013"]
[Site "Ronne"]
[Date "2013.07.03"]
[Round "2"]
[White "De Blecourt Dalsberg, Sandra"]
[Black "Wisniowska, Klaudia"]
[Result "0-1"]
[WhiteElo "2078"]
[BlackElo "2178"]
[PlyCount "100"]
[EventDate "2013.??.??"]

1. d4 Nf6 2. c4 g6 3. Nc3 Bg7 4. e4 d6 5. Bd3 O-O 6. Nge2 Nc6 7. O-O Nh5 8. Be3
e5 9. d5 Nd4 10. Qd2 c5 11. dxc6 bxc6 12. b4 Be6 13. Rab1 f5 14. Bg5 Qd7 15. b5
f4 16. bxc6 Nxc6 17. f3 h6 18. Bh4 g5 19. Bf2 g4 20. fxg4 Bxg4 21. c5 f3 22.
Bc4+ Kh8 23. Qxd6 Qxd6 24. cxd6 fxe2 25. Nxe2 Bxe2 26. Bxe2 Nf4 27. Ba6 Nd4 28.
Bh4 Bf6 29. Rxf4 exf4 30. Bxf6+ Rxf6 31. e5 Rg6 32. Kf2 Rg5 33. Re1 Re8 34. d7
Rd8 35. e6 Nxe6 36. Rxe6 Rxd7 37. Kf3 Kg7 38. Bc4 a5 39. Re4 Rd2 40. Rxf4 Rgxg2
41. Rf7+ Kg6 42. Ra7 Rg5 43. h4 Rc5 44. Ra6+ Kf5 45. Be6+ Ke5 46. Bb3 h5 47.
Ke3 Rh2 48. Re6+ Kf5 49. Kd4 Rb5 50. Kc4 Rxb3 0-1

[Event "Bornholm WIM 2013"]
[Site "Ronne"]
[Date "2013.07.03"]
[Round "2"]
[White "Gasik, Anna"]
[Black "Padurariu, Ioana Smaranda"]
[Result "1/2-1/2"]
[WhiteElo "2204"]
[BlackElo "2208"]
[PlyCount "121"]
[EventDate "2013.??.??"]

1. e4 c5 2. Nf3 e6 3. d4 cxd4 4. Nxd4 Nf6 5. Nc3 d6 6. g3 Nc6 7. Bg2 Bd7 8. O-O
Be7 9. a4 O-O 10. Nb3 Rc8 11. f4 Ne8 12. Be3 Bf6 13. a5 Bxc3 14. bxc3 Qc7 15.
c4 b6 16. axb6 axb6 17. Rf2 Nb8 18. Rd2 e5 19. fxe5 dxe5 20. c5 b5 21. c6 Bxc6
22. Bc5 Nf6 23. Bxf8 Rxf8 24. Qe2 Nbd7 25. h3 Nb6 26. Kh2 Nc4 27. Rd3 h6 28.
Nd2 Nd6 29. Qe3 Nc8 30. Rc3 Nb6 31. Bf1 Na4 32. Rb3 Rb8 33. Rab1 Qd7 34. c4 Rc8
35. cxb5 Bb7 36. Ra3 Nc5 37. Bg2 Rd8 38. Nc4 Nfxe4 39. Ra7 Qd5 40. Rxb7 Qxb7
41. Nxe5 Qc7 42. Bxe4 Re8 43. Re1 f6 44. Bd5+ Kh7 45. Rc1 Rxe5 46. Qxc5 Qd7 47.
Qc2+ f5 48. Bg2 Qxb5 49. Rf1 h5 50. Qd1 Qe8 51. Qf3 h4 52. g4 fxg4 53. hxg4 Qe7
54. Qd3+ g6 55. Qc4 Kg7 56. Kh1 Re3 57. Qd4+ Kh7 58. g5 Re5 59. Qxh4+ Kg8 60.
Qc4+ Kg7 61. Qh4 1/2-1/2

[Event "Bornholm WIM 2013"]
[Site "Ronne"]
[Date "2013.07.03"]
[Round "2"]
[White "Guindy, Esmat"]
[Black "Krasenkova, Ilena"]
[Result "1/2-1/2"]
[WhiteElo "2051"]
[BlackElo "2115"]
[PlyCount "242"]
[EventDate "2013.??.??"]

1. c4 Nf6 2. Nc3 d5 3. cxd5 Nxd5 4. g3 Nb6 5. Bg2 g6 6. Nf3 Bg7 7. O-O Nc6 8.
b3 O-O 9. Bb2 e5 10. d3 Qe7 11. Qc1 Rd8 12. Re1 Nd4 13. Ne4 c6 14. Ba3 Qc7 15.
Nxd4 exd4 16. Qg5 Nd5 17. Rac1 h6 18. Qd2 Bf5 19. Rc2 Rac8 20. Nc5 Nc3 21. Na4
Nd5 22. Rec1 Qe5 23. Bb2 Qe7 24. a3 Kh7 25. Qa5 b6 26. Qa6 b5 27. Nc5 Nc3 28.
Bxc3 dxc3 29. b4 Rc7 30. a4 Bc8 31. Qa5 bxa4 32. Nxa4 Rd4 33. Nxc3 Rb7 34. Bxc6
Qxb4 35. Qxb4 Rbxb4 36. Nb5 Rd8 37. Nxa7 Be6 38. Bf3 Ra4 39. Nc6 Rd6 40. Kg2 h5
41. Rb1 h4 42. h3 Bf6 43. e4 Rxd3 44. e5 Bg7 45. Rb4 Rxb4 46. Nxb4 Rb3 47. Nc6
hxg3 48. fxg3 Bxh3+ 49. Kxh3 Rxf3 50. Kg2 Ra3 51. Re2 Rc3 52. Nd4 Rc8 53. Nf3
Re8 54. Ng5+ Kg8 55. e6 f6 56. Nf3 Bf8 57. g4 Kg7 58. Nd4 Bc5 59. Nb5 Re7 60.
Kf3 Rb7 61. Nd4 Kf8 62. Re4 Bxd4 63. Rxd4 Ke7 64. Rc4 Kxe6 65. Rc6+ Ke5 66.
Rc5+ Kd6 67. Rc3 Rb5 68. Ra3 Rd5 69. Rb3 Ke6 70. Rb6+ Ke5 71. Rb3 g5 72. Re3+
Kd6 73. Ra3 Rd4 74. Ra6+ Ke5 75. Ra5+ Rd5 76. Ra3 Rc5 77. Rb3 Ra5 78. Re3+ Kd6
79. Rb3 Ra4 80. Rb6+ Ke7 81. Rb7+ Ke6 82. Rb6+ Kf7 83. Rb7+ Kg6 84. Rb3 Rf4+
85. Kg3 Kf7 86. Rb6 Ke7 87. Ra6 Rd4 88. Ra3 Ke6 89. Re3+ Kd5 90. Rf3 Ke5 91.
Rf5+ Ke6 92. Rf3 Re4 93. Ra3 Rd4 94. Rf3 Rd1 95. Ra3 Kd5 96. Ra5+ Ke6 97. Ra3
Ke5 98. Re3+ Kd5 99. Rf3 Ke5 100. Rf5+ Ke6 101. Rf3 Rg1+ 102. Kh3 Re1 103. Kg3
Re2 104. Ra3 Kd5 105. Kf3 Rd2 106. Ra5+ Ke6 107. Ra3 Rd4 108. Ra6+ Ke5 109.
Ra5+ Rd5 110. Ra3 Rc5 111. Re3+ Kd6 112. Rd3+ Rd5 113. Ra3 Rd4 114. Kg3 Kd5
115. Kf3 Rf4+ 116. Kg3 Kd4 117. Ra4+ Ke3 118. Ra3+ Ke2 119. Ra2+ Ke1 120. Ra1+
Kd2 121. Ra2+ Kc3 1/2-1/2

[Event "Bornholm WIM 2013"]
[Site "Ronne"]
[Date "2013.07.03"]
[Round "3"]
[White "Krasenkova, Ilena"]
[Black "Demidowicz, Maria"]
[Result "1-0"]
[WhiteElo "2115"]
[BlackElo "2096"]
[PlyCount "119"]
[EventDate "2013.??.??"]

1. d4 Nf6 2. c4 g6 3. Nc3 Bg7 4. e4 O-O 5. e5 Ne8 6. f4 d6 7. Be3 dxe5 8. dxe5
Qxd1+ 9. Rxd1 Nc6 10. Nd5 f6 11. exf6 Nxf6 12. Nxc7 Rb8 13. c5 e5 14. Bc4+ Kh8
15. Ne2 Na5 16. Be6 Nc6 17. O-O Ng4 18. Bc1 Nd4 19. Nxd4 exd4 20. Rfe1 Ne3 21.
Rd3 Bf6 22. Bxc8 Rfxc8 23. Ne6 b6 24. cxb6 Rxb6 25. Nxd4 Bxd4 26. Bxe3 Bxe3+
27. Rdxe3 Rxb2 28. Re8+ Rxe8 29. Rxe8+ Kg7 30. Re7+ Kf6 31. Rxa7 Kf5 32. Rxh7
Rxa2 33. Rf7+ Kg4 34. Rf6 Kh5 35. h3 Ra1+ 36. Kh2 Ra2 37. f5 gxf5 38. Rxf5+ Kh4
39. Rf4+ Kg5 40. Rb4 Rc2 41. h4+ Kh5 42. Rf4 Ra2 43. Kh3 Ra3+ 44. Rf3 Ra4 45.
g4+ Kg6 46. Kg3 Rb4 47. h5+ Kg5 48. Rf5+ Kh6 49. Kh4 Rb1 50. g5+ Kg7 51. Rf4
Rg1 52. Ra4 Kf7 53. Ra7+ Kg8 54. h6 Rb1 55. g6 Rh1+ 56. Kg5 Rg1+ 57. Kf5 Rf1+
58. Ke4 Re1+ 59. Kf3 Rf1+ 60. Kg2 1-0

[Event "Bornholm WIM 2013"]
[Site "Ronne"]
[Date "2013.07.03"]
[Round "3"]
[White "Padurariu, Ioana Smaranda"]
[Black "Guindy, Esmat"]
[Result "1-0"]
[WhiteElo "2208"]
[BlackElo "2051"]
[PlyCount "99"]
[EventDate "2013.??.??"]

1. e4 e6 2. d4 d5 3. Nc3 Nf6 4. e5 Nfd7 5. f4 c5 6. Nf3 Nc6 7. Be3 a6 8. Qd2 b5
9. dxc5 Bxc5 10. Bxc5 Nxc5 11. Qf2 Qb6 12. Bd3 Rb8 13. O-O b4 14. Ne2 O-O 15.
Kh1 Nxd3 16. cxd3 Qxf2 17. Rxf2 a5 18. Rc1 Rb6 19. Ned4 Nxd4 20. Nxd4 Ba6 21.
Rd2 f6 22. g3 g5 23. Rc6 Rxc6 24. Nxc6 Bb5 25. Nxa5 fxe5 26. fxe5 Ra8 27. Nb3
Rxa2 28. Nd4 Bd7 29. Kg2 Kg7 30. Kf3 Kg6 31. Rc2 Ra7 32. Ke3 Rb7 33. Rf2 Kg7
34. Nb3 Rb6 35. Kd4 Rc6 36. Nc5 Bc8 37. Rf1 Kg6 38. Rf8 Kg7 39. Rd8 Kf7 40. Rd6
Rc7 41. Rb6 h5 42. Rxb4 Kg6 43. Ra4 Kf5 44. b4 Kg4 45. Ke3 Kh3 46. Ra2 h4 47.
gxh4 gxh4 48. d4 Rg7 49. Nd3 Rb7 50. Kf3 1-0

[Event "Bornholm WIM 2013"]
[Site "Ronne"]
[Date "2013.07.03"]
[Round "3"]
[White "Wisniowska, Klaudia"]
[Black "Gasik, Anna"]
[Result "1/2-1/2"]
[WhiteElo "2178"]
[BlackElo "2204"]
[PlyCount "65"]
[EventDate "2013.??.??"]

1. e4 c5 2. Nf3 e6 3. d4 cxd4 4. Nxd4 a6 5. Nc3 Qc7 6. Be2 Nf6 7. O-O d6 8. a4
b6 9. f4 Nbd7 10. Kh1 Be7 11. Bf3 Bb7 12. Qe2 O-O 13. Be3 Rac8 14. Rae1 g6 15.
Nb3 Rfe8 16. Qf2 Bf8 17. Bc1 d5 18. exd5 exd5 19. f5 Rxe1 20. Rxe1 Bg7 21. fxg6
hxg6 22. Be3 Nc5 23. Bd4 Nce4 24. Nxe4 Nxe4 25. Bxe4 dxe4 26. c3 Bxd4 27. Nxd4
Qe5 28. Qe3 Kg7 29. Nf3 Qc5 30. Nd4 Qe5 31. Nf3 Qc5 32. Nd4 Qe5 33. Nf3 1/2-1/2

[Event "Bornholm WIM 2013"]
[Site "Ronne"]
[Date "2013.07.04"]
[Round "4"]
[White "Demidowicz, Maria"]
[Black "Toth, Lili"]
[Result "0-1"]
[WhiteElo "2096"]
[BlackElo "2161"]
[PlyCount "96"]
[EventDate "2013.??.??"]

1. e4 e6 2. d4 d5 3. Nc3 Bb4 4. e5 c5 5. a3 Bxc3+ 6. bxc3 Ne7 7. h4 Qa5 8. Bd2
Nbc6 9. Nf3 Bd7 10. h5 h6 11. Bd3 c4 12. Be2 O-O-O 13. a4 f6 14. Qc1 fxe5 15.
dxe5 g5 16. Qa3 Rh7 17. g4 Be8 18. Rb1 Qc7 19. Qc5 b6 20. Qe3 Rf7 21. Nd4 Qxe5
22. Nxe6 Rd6 23. Nd4 Qxe3 24. Bxe3 Nxd4 25. Bxd4 Bxa4 26. Ra1 b5 27. Bxa7 Nc6
28. Be3 Bxc2 29. O-O d4 30. cxd4 Nxd4 31. Bd1 Bd3 32. Re1 Kb7 33. f4 Rxf4 34.
Bxf4 gxf4 35. Kf2 b4 36. Re7+ Kb6 37. Raa7 Nc6 38. Reb7+ Kc5 39. Ra8 c3 40. Ra1
Bc4 41. Kf3 Rd4 42. g5 Ne5+ 43. Kf2 Rd2+ 44. Kg1 f3 45. Rc7+ Kd4 46. Rxc4+ Kxc4
47. gxh6 Rxd1+ 48. Rxd1 c2 0-1

[Event "Bornholm WIM 2013"]
[Site "Ronne"]
[Date "2013.07.04"]
[Round "4"]
[White "De Blecourt Dalsberg, Sandra"]
[Black "Bhatia, Kanwal K"]
[Result "0-1"]
[WhiteElo "2078"]
[BlackElo "2034"]
[PlyCount "110"]
[EventDate "2013.??.??"]

1. d4 Nf6 2. c4 c5 3. d5 b5 4. cxb5 a6 5. b6 d6 6. Nc3 Nbd7 7. e4 g6 8. Nf3 Bg7
9. a4 Qxb6 10. a5 Qa7 11. Bc4 O-O 12. O-O Ng4 13. Bg5 Nde5 14. Nxe5 Nxe5 15.
Be2 Rb8 16. Qd2 f5 17. f4 Nf7 18. exf5 Bxf5 19. Bh4 Rb4 20. g4 Bc8 21. Kh1 Qb7
22. Ra2 Nh6 23. h3 e6 24. Kh2 Rd4 25. Qe3 exd5 26. Bf3 Qf7 27. Ra4 Re8 28. Qc1
Rd3 29. Kg2 d4 30. Bd5 Be6 31. Be4 Re3 32. Bc6 Rb8 33. f5 gxf5 34. Bg5 dxc3 35.
Qxe3 Bd5+ 36. Bxd5 Qxd5+ 37. Kg3 cxb2 38. Kh4 Nf7 39. Rxf5 Qxf5 40. gxf5 b1=Q
41. f6 Rb4+ 42. Rxb4 Qxb4+ 43. Kh5 Nxg5 44. Qxg5 Qb7 45. fxg7 Qxg7 46. Qd8+ Qf8
47. Qg5+ Kh8 48. Qd5 Qe8+ 49. Kh4 Qe7+ 50. Kg4 Qe2+ 51. Kh4 Qe1+ 52. Kg4 Qe2+
53. Kh4 Qe5 54. Qf3 Kg7 55. Qg2+ Kf6 0-1

[Event "Bornholm WIM 2013"]
[Site "Ronne"]
[Date "2013.07.04"]
[Round "4"]
[White "Guindy, Esmat"]
[Black "Wisniowska, Klaudia"]
[Result "1/2-1/2"]
[WhiteElo "2051"]
[BlackElo "2178"]
[PlyCount "94"]
[EventDate "2013.??.??"]

1. d4 Nf6 2. c4 g6 3. g3 Bg7 4. Bg2 O-O 5. Nf3 d6 6. Nc3 Nc6 7. O-O a6 8. Qd3
e5 9. dxe5 dxe5 10. Qxd8 Rxd8 11. Bg5 Be6 12. Nd2 h6 13. Bxf6 Bxf6 14. Nde4 Be7
15. Nd5 Bxd5 16. cxd5 Nb4 17. Nc3 Bd6 18. Rac1 a5 19. a3 Na6 20. Nb5 Kg7 21.
Rc4 Rd7 22. Rfc1 Re7 23. e3 f5 24. e4 Rf8 25. exf5 gxf5 26. Bf1 Rf6 27. R1c2 b6
28. Nxd6 Rxd6 29. Rc6 Rxc6 30. Rxc6 Nc5 31. d6 cxd6 32. Rxd6 Re6 33. Rd5 Kf6
34. h4 Ne4 35. Rd8 Rd6 36. Rf8+ Kg6 37. Bh3 Nf6 38. Rb8 e4 39. b4 axb4 40. axb4
Ng4 41. Bxg4 fxg4 42. b5 Kf5 43. Rf8+ Ke5 44. Rg8 Kf5 45. Rf8+ Ke5 46. Rg8 Kf5
47. Rf8+ Ke5 1/2-1/2

[Event "Bornholm WIM 2013"]
[Site "Ronne"]
[Date "2013.07.04"]
[Round "4"]
[White "Krasenkova, Ilena"]
[Black "Padurariu, Ioana Smaranda"]
[Result "1-0"]
[WhiteElo "2115"]
[BlackElo "2208"]
[PlyCount "99"]
[EventDate "2013.??.??"]

1. d4 Nf6 2. c4 e6 3. Nf3 c5 4. d5 d6 5. Nc3 exd5 6. cxd5 g6 7. h3 Bg7 8. e4
O-O 9. Bd3 b5 10. Nxb5 Nxe4 11. Bxe4 Re8 12. Ng5 Qa5+ 13. Nc3 f5 14. O-O fxe4
15. Ngxe4 Be5 16. Re1 Re7 17. f4 Bd4+ 18. Be3 Bxc3 19. Nxc3 Qd8 20. Qd2 Bf5 21.
Bf2 Na6 22. g4 Bc8 23. Ne4 Qf8 24. Bh4 Rf7 25. Qc3 Nb4 26. Nf6+ Rxf6 27. Bxf6
Nxd5 28. Qc4 Qf7 29. Bg5 Bb7 30. Re2 a5 31. Rd2 h6 32. Bxh6 Kh7 33. Bg5 Qe8 34.
f5 Qe5 35. Qe2 Qg3+ 36. Qg2 Qxg2+ 37. Rxg2 gxf5 38. gxf5 Rg8 39. h4 Ne3 40. Rf2
Ng4 41. Re2 Ne5 42. Kf2 Rf8 43. f6 Kg6 44. Kg3 Nf7 45. Re7 Bd5 46. Kg4 Ne5+ 47.
Kf4 Nf7 48. Rd1 Bxa2 49. h5+ Kxh5 50. Rxf7 1-0

[Event "Bornholm WIM 2013"]
[Site "Ronne"]
[Date "2013.07.05"]
[Round "5"]
[White "Padurariu, Ioana Smaranda"]
[Black "Demidowicz, Maria"]
[Result "1/2-1/2"]
[WhiteElo "2208"]
[BlackElo "2096"]
[PlyCount "112"]
[EventDate "2013.??.??"]

1. e4 c5 2. Nf3 d6 3. d4 cxd4 4. Nxd4 Nf6 5. Nc3 a6 6. Be3 e5 7. Nf3 Qc7 8. a4
Nbd7 9. Be2 Be7 10. O-O O-O 11. Nd2 Nc5 12. Bg5 Be6 13. Bxf6 Bxf6 14. Bc4 Bd8
15. Qe2 Rc8 16. Bd5 Qb8 17. a5 b5 18. axb6 Bxb6 19. Nc4 Ba7 20. Rfd1 Rcd8 21.
b3 Kh8 22. Ne3 Bc8 23. Bc4 Bb7 24. Nf5 g6 25. Ne7 Rd7 26. Ncd5 f5 27. exf5 gxf5
28. Qh5 Qe8 29. Qxe8 Rxe8 30. Nxf5 Ne4 31. Rf1 Rf8 32. Nde3 Nd2 33. Rfd1 Nxc4
34. bxc4 Bc5 35. g4 Bf3 36. Rd3 Bxg4 37. Nxg4 Rxf5 38. Rxa6 Rf4 39. Rg3 Ra7 40.
Rxa7 Bxa7 41. Kg2 h5 42. Ne3 Bxe3 43. Rxe3 Rxc4 44. Rd3 Rxc2 45. Rxd6 Kg7 46.
Re6 Re2 47. Kf3 Re1 48. Kg3 Re4 49. h3 Re2 50. f3 Re1 51. Kf2 Rh1 52. Kg2 Re1
53. Kf2 Rh1 54. Kg3 Re1 55. Kh4 Re3 56. Kg3 Re1 1/2-1/2

[Event "Bornholm WIM 2013"]
[Site "Ronne"]
[Date "2013.07.05"]
[Round "5"]
[White "Wisniowska, Klaudia"]
[Black "Krasenkova, Ilena"]
[Result "1/2-1/2"]
[WhiteElo "2178"]
[BlackElo "2115"]
[PlyCount "80"]
[EventDate "2013.??.??"]

1. e4 d5 2. exd5 Qxd5 3. Nc3 Qa5 4. d4 Nf6 5. Bd2 Bg4 6. Bb5+ c6 7. Be2 Bxe2 8.
Qxe2 e6 9. Nf3 Be7 10. O-O O-O 11. Bg5 h6 12. Bxf6 Bxf6 13. Ne4 Nd7 14. c3 Be7
15. Rfe1 Rfe8 16. b4 Qc7 17. Nc5 Nxc5 18. dxc5 Bf6 19. Nd4 Rad8 20. Rad1 Rd5
21. Nb5 Qe7 22. Nd6 Rxd1 23. Rxd1 Rd8 24. c4 b6 25. Qe4 bxc5 26. bxc5 Qc7 27.
Rb1 Be7 28. g3 Bxd6 29. cxd6 Qxd6 30. Rb7 Rd7 31. Rxd7 Qxd7 32. Kg2 f5 33. Qe5
Kf7 34. a4 Qb7 35. h4 c5+ 36. Kh2 Qc6 37. a5 Kg6 38. Kg1 Kf7 39. Kh2 Kg6 40.
Kg1 Kf7 1/2-1/2

[Event "Bornholm WIM 2013"]
[Site "Ronne"]
[Date "2013.07.05"]
[Round "5"]
[White "Vovk, Oksana"]
[Black "Guindy, Esmat"]
[Result "1-0"]
[WhiteElo "2133"]
[BlackElo "2051"]
[PlyCount "61"]
[EventDate "2013.??.??"]

1. d4 d5 2. c4 e6 3. Nc3 c5 4. cxd5 exd5 5. Nf3 Nc6 6. g3 Nf6 7. Bg2 Be7 8. O-O
O-O 9. Bg5 h6 10. Bxf6 Bxf6 11. dxc5 Bf5 12. Qd2 Be4 13. Rfd1 Qe7 14. Rac1 Rfd8
15. Qe3 Na5 16. b3 Re8 17. Nxd5 Bxd5 18. Qxe7 Rxe7 19. Rxd5 Rxe2 20. Rd2 Rae8
21. Kf1 R2e4 22. Re1 Rxe1+ 23. Nxe1 Bc3 24. Rd1 Nc6 25. Nc2 Nb4 26. Ne3 Na6 27.
Nd5 Bb2 28. b4 Ba3 29. Rb1 Kf8 30. Ne3 Re7 31. Nc2 1-0

[Event "Bornholm WIM 2013"]
[Site "Ronne"]
[Date "2013.07.05"]
[Round "5"]
[White "Bhatia, Kanwal K"]
[Black "Gasik, Anna"]
[Result "0-1"]
[WhiteElo "2034"]
[BlackElo "2204"]
[PlyCount "56"]
[EventDate "2013.??.??"]

1. e4 Nf6 2. e5 Nd5 3. c4 Nb6 4. c5 Nd5 5. d4 d6 6. cxd6 exd6 7. Nf3 dxe5 8.
dxe5 Be7 9. Be2 O-O 10. O-O c6 11. Qd4 Nd7 12. Nbd2 f6 13. Ne4 Qb6 14. Qxb6
axb6 15. exf6 N7xf6 16. Ng3 b5 17. Nd4 Bc5 18. Nb3 Bb6 19. h3 Be6 20. Bd2 Nd7
21. Ne4 Nf4 22. Bxf4 Rxf4 23. Nd6 Bxb3 24. axb3 Rxa1 25. Rxa1 Rxf2 26. Kh1 Rxe2
27. Ra8+ Nf8 28. Nxb7 Re7 0-1

[Event "Bornholm WIM 2013"]
[Site "Ronne"]
[Date "2013.07.05"]
[Round "5"]
[White "Toth, Lili"]
[Black "De Blecourt Dalsberg, Sandra"]
[Result "1-0"]
[WhiteElo "2161"]
[BlackElo "2078"]
[PlyCount "119"]
[EventDate "2013.??.??"]

1. d4 d5 2. Nc3 Nf6 3. Bg5 e6 4. e4 Be7 5. e5 Nfd7 6. Bxe7 Qxe7 7. f4 a6 8. Nf3
c5 9. Bd3 Nc6 10. dxc5 Qxc5 11. Qd2 b5 12. O-O-O Nb6 13. f5 exf5 14. Qg5 g6 15.
Qf6 O-O 16. Qg5 Qe7 17. Qxe7 Nxe7 18. h4 h5 19. Ne2 Nc6 20. Nf4 Kg7 21. Rh3 Re8
22. Re1 Ra7 23. Rg3 Kh6 24. e6 Bxe6 25. Ng5 Nd8 26. Rge3 Rae7 27. a4 Nc4 28.
R3e2 Kg7 29. Nxd5 Bxd5 30. Rxe7 Rxe7 31. Rxe7 Nc6 32. Rc7 N6e5 33. Bxc4 Nxc4
34. axb5 axb5 35. Rc5 Bxg2 36. Rxb5 Nd6 37. Rb4 Ne4 38. Nxe4 fxe4 39. Kd2 g5
40. Rb5 f6 41. hxg5 h4 42. gxf6+ Kxf6 43. Rh5 h3 44. b4 Kg6 45. Rh8 Kf5 46. Ke3
Ke5 47. c4 Kd6 48. Rh6+ Ke5 49. b5 h2 50. Rxh2 Bf1 51. Rc2 Bd3 52. Rc3 Bf1 53.
b6 Kd6 54. c5+ Kc6 55. Kxe4 Bg2+ 56. Kd4 Kd7 57. Rg3 Bh1 58. Rg6 Bf3 59. Rd6+
Ke7 60. Ke5 1-0

[Event "Bornholm WIM 2013"]
[Site "Ronne"]
[Date "2013.07.05"]
[Round "6"]
[White "Demidowicz, Maria"]
[Black "De Blecourt Dalsberg, Sandra"]
[Result "0-1"]
[WhiteElo "2096"]
[BlackElo "2078"]
[PlyCount "78"]
[EventDate "2013.??.??"]

1. e4 d5 2. exd5 Qxd5 3. Nc3 Qa5 4. d4 Nf6 5. Bd2 Bg4 6. Nf3 Nc6 7. Bb5 O-O-O
8. Bxc6 bxc6 9. h3 Qh5 10. Qe2 Bxf3 11. gxf3 Kb7 12. Be3 e6 13. O-O-O Qa5 14.
Kb1 Bb4 15. Ne4 Nd5 16. Rhg1 f5 17. Nc5+ Bxc5 18. dxc5 Ka8 19. Bd4 Rhe8 20. f4
Rb8 21. Qf3 Rb4 22. a3 Rc4 23. b4 Rb8 24. Kc1 Qa4 25. Qd3 Rxd4 26. Qxd4 Qxa3+
27. Qb2 Qf3 28. c3 Nxc3 29. Rd2 Nd5 30. Rd4 Nxf4 31. Rxg7 Ne2+ 32. Kd2 Nxd4 33.
Qxd4 Qd5 34. Qxd5 cxd5 35. Kc3 d4+ 36. Kc4 Rd8 37. c6 Kb8 38. Rxh7 Kc8 39. Re7
d3 0-1